Brave new schools : challenging cultural illiteracy through global learning networks

Αποθηκεύτηκε σε:
Λεπτομέρειες βιβλιογραφικής εγγραφής
Κύριος συγγραφέας: Cummins, Jim, 1949-
Άλλοι συγγραφείς: Sayers, Dennis
Μορφή: Βιβλίο
Γλώσσα:English
Δημοσίευση: New York : St. Martin's Press, 1997
Θέματα:
Ετικέτες: Προσθήκη ετικέτας
Δεν υπάρχουν, Καταχωρήστε ετικέτα πρώτοι!

MARC

LEADER 00000cam a2200000 i 4500
001 1/93366
008 991119s1997 eng d
020 |a 0-333-66109-5 (pbk.) 
020 |a 0-312-16358-4 (pbk.) 
020 |a 0-312-12669-7 (hbk.) 
035 |l 10054385 
040 |a GR-MY-UA  |b gre  |e aacr 
041 0 |a eng 
082 0 |a 371.335  |2 (22) 
100 1 |a Cummins, Jim,   |d 1949- 
245 1 0 |a Brave new schools :  |b challenging cultural illiteracy through global learning networks /  |c Jim Cummins, Dennis Sayers 
260 |a New York :   |b St. Martin's Press,   |c 1997 
300 |a xii, 362 σ.;  |c 24 εκ. 
650 0 0 |a Educational change  |z United States. 
650 0 0 |a Multicultural education  |z United States. 
650 0 0 |a Educational technology  |z United States. 
650 0 0 |a Telecommunication  |z United States. 
650 0 0 |a Distance education  |z United States. 
700 1 |a Sayers, Dennis. 
852 |a INST  |b RHODES  |e 19991119  |h 371.335 CUM  |p 005400014253  |q 005400014253  |t BK  |y 0 
852 |a INST  |b RHODES  |e 20100111  |h 371.335 CUM  |p 005400032294  |q 005400032294  |t BK  |y 0 
901 |a BIBL4-1999-3 
909 |a Ρ  |b 069047 
909 |a Ρ  |b 159521 
922 |a 4ΕΛΗ  |b 199910  |c ΚΠΣ/154  |d GLORY BOOKS 
970 |a ΚΟΥΛΑΚΙΟΤΗ  |b ΛΙΤΣΑ  |z 1999/11/19